| 000 | 00974nam2a22002531 4500 | ||
|---|---|---|---|
| 001 | v19\rc\1542574 | ||
| 005 | 20250618181851.0 | ||
| 035 | _a(NLR Aleph) 004660033 | ||
| 090 |
_a3537872 _c3537872 |
||
| 100 | _a20060620d1881 |||y0rusy50 ca | ||
| 101 | 0 | _arus | |
| 102 | _aRU | ||
| 105 | _aa z ||||| | ||
| 200 | 0 |
_aза 1880 г. _e6-й отчет... |
|
| 210 |
_d1881 _aБ. м. |
||
| 215 | _a[2], 152, 43, [5] с., 52 табл. | ||
| 461 | 0 |
_1001v19\rc\1542568 _12001#$aОтчет Правления Общества...$fРост.-Владикавк. ж. д.$vза 1880 г. _93537798 _aРостово-Владикавказская ж. д. _cСанкт-Петербург _d1876-1884 _fРост.-Владикавк. ж. д. _tОтчет Правления Общества... _vза 1880 г. |
|
| 801 | 0 |
_aRU _bNLR _gpsbo |
|
| 801 | 0 |
_aRU _bRuMoRGB _2psbo |
|
| 801 | 1 |
_aRU _bProSoft-M _2rusmarc |
|
| 852 |
_aNLR _j40.29.7.6 |
||
| 899 |
_aRuMoRGB _jK 6/178 |
||
| 942 | _cBOOK | ||
| 980 | _aNB | ||